[Event "Russian Championship G17 1st league 2016"]
[Site "Loo"]
[Date "2016.04.22"]
[Round "3.1"]
[White "Grekhneva, Yana"]
[Black "Kuznetsova, Darya"]
[Result "1-0"]
[WhiteElo "1809"]
[BlackElo "1989"]
[PlyCount "85"]
[EventDate "2016.04.20"]

1. d4 e6 2. c4 c5 3. d5 exd5 4. cxd5 d6 5. Nc3 a6 6. a4 Ne7 7. Nf3 Ng6 8. h4 h5
9. g3 Be7 10. Bg2 O-O 11. O-O Nd7 12. b3 Nde5 13. Bb2 Bg4 14. Nh2 Re8 15. f4
Nd7 16. Nxg4 hxg4 17. e4 Nf6 18. a5 Rb8 19. Kh2 b5 20. axb6 Qxb6 21. Ra3 Bd8
22. Re1 c4 23. Na4 Qb4 24. bxc4 Qxc4 25. e5 Ba5 26. Re2 Nd7 27. Rc2 Qb4 28. h5
Ne7 29. e6 Nf6 30. h6 Nf5 31. hxg7 Nh5 32. Qxg4 Nhxg7 33. exf7+ Kxf7 34. Qg5
Rh8+ 35. Bh3 Bd8 36. Qg4 Bf6 37. Bxf6 Qxa3 38. Rc7+ Kf8 39. Bxg7+ Ke8 40. Qxf5
Qa2+ 41. Rc2 Rxh3+ 42. Kxh3 Qxa4 43. Qe6+ 1-0

[Event "Russian Championship G17 1st league 2016"]
[Site "Loo"]
[Date "2016.04.22"]
[Round "3.2"]
[White "Pivina, Mariya"]
[Black "Kirakosyan, Kamilla"]
[Result "1/2-1/2"]
[WhiteElo "1857"]
[BlackElo "1769"]
[PlyCount "96"]
[EventDate "2016.04.20"]

1. e4 d5 2. exd5 Qxd5 3. Nc3 Qd6 4. d4 Nf6 5. Nf3 Bg4 6. h3 Bh5 7. g4 Bg6 8.
Bg2 Nbd7 9. O-O c6 10. Re1 O-O-O 11. Ne2 e5 12. c4 exd4 13. Nfxd4 Qc7 14. Bf4
Bd6 15. Nb5 cxb5 16. Bxd6 Qb6 17. Be7 Nc5 18. Bxc5 Qxc5 19. Qb3 Bd3 20. cxb5
Qxb5 21. Rac1+ Kb8 22. Qxb5 Bxb5 23. Nc3 Bc4 24. Ne4 Nxe4 25. Rxe4 Be6 26. f4
Rd2 27. Rb4 Bd5 28. Bxd5 Rxd5 29. Re1 Rd7 30. Rbe4 Rhd8 31. Kf2 Rd2+ 32. R1e2
Rxe2+ 33. Kxe2 Rd7 34. Kf3 Rd3+ 35. Re3 Rd7 36. f5 g6 37. f6 Kc7 38. g5 Rd8 39.
Re7+ Rd7 40. Re8 Rd8 41. Rxd8 Kxd8 42. Ke4 Kd7 43. Kd5 Kc7 44. a4 Kd7 45. b4
Kc7 46. a5 Kd7 47. b5 b6 48. a6 Kc7 1/2-1/2

[Event "Russian Championship G17 1st league 2016"]
[Site "Loo"]
[Date "2016.04.22"]
[Round "3.3"]
[White "Logunova, Elizaveta"]
[Black "Shkalikova, Marina"]
[Result "1-0"]
[WhiteElo "1731"]
[BlackElo "1823"]
[PlyCount "67"]
[EventDate "2016.04.20"]

1. e4 d6 2. d4 Nf6 3. Nc3 Nbd7 4. g3 e5 5. Bg2 Be7 6. Nge2 O-O 7. h3 c6 8. a4
b6 9. Be3 Bb7 10. O-O a6 11. f4 b5 12. Qd2 b4 13. Nd1 exd4 14. Qxd4 c5 15. Qd3
Re8 16. Nf2 Bf8 17. g4 d5 18. e5 c4 19. Qd2 Ne4 20. Nxe4 dxe4 21. Ng3 g6 22.
Bxe4 Bxe4 23. Nxe4 Nxe5 24. fxe5 Rxe5 25. Qxd8 Rxd8 26. Bb6 Rde8 27. Ng3 R5e6
28. Bf2 Bd6 29. Rad1 Be5 30. b3 c3 31. Rd3 Bf4 32. Bc5 Bxg3 33. Rxg3 Re2 34.
Bxb4 1-0

[Event "Russian Championship G17 1st league 2016"]
[Site "Loo"]
[Date "2016.04.22"]
[Round "3.4"]
[White "Hilova, Evelina"]
[Black "Fokina, Elina"]
[Result "1/2-1/2"]
[WhiteElo "1770"]
[BlackElo "1693"]
[PlyCount "88"]
[EventDate "2016.04.20"]

1. e4 d6 2. Nf3 Nf6 3. Nc3 Bg4 4. h3 Bxf3 5. Qxf3 Nbd7 6. d4 c6 7. Bg5 Qa5 8.
Bxf6 Nxf6 9. d5 Qb6 10. Bc4 g6 11. O-O Bg7 12. a4 O-O 13. a5 Qc7 14. a6 b5 15.
Bd3 b4 16. Ne2 c5 17. c3 c4 18. Bb1 b3 19. Nd4 Nd7 20. Qe3 Nb8 21. Ra4 Qc5 22.
Nc6 Nxc6 23. Qxc5 dxc5 24. dxc6 Rac8 25. Rxc4 Rxc6 26. Rd1 Rfc8 27. Ra4 Be5 28.
Ra1 Rb6 29. Rd7 Rc7 30. Rxc7 Bxc7 31. Bd3 Rd6 32. Bc4 Rd2 33. Rb1 Rd6 34. Kf1
Kg7 35. Ke2 Rb6 36. Ra1 Be5 37. g3 g5 38. Kd3 h5 39. Ra3 h4 40. gxh4 gxh4 41.
Rxb3 Rxb3 42. Bxb3 Bc7 43. Bd1 Kf6 44. Ke3 Kg5 1/2-1/2

[Event "Russian Championship G17 1st league 2016"]
[Site "Loo"]
[Date "2016.04.22"]
[Round "3.5"]
[White "Demchenko, Alisa"]
[Black "Polzunova, Anastasiya"]
[Result "0-1"]
[WhiteElo "1822"]
[BlackElo "1645"]
[PlyCount "62"]
[EventDate "2016.04.20"]

1. d4 d5 2. c4 e5 3. dxe5 d4 4. Nf3 Nc6 5. Nbd2 Nge7 6. Nb3 Nf5 7. a3 a5 8. Bg5
Be7 9. Bxe7 Qxe7 10. Nbxd4 Nfxd4 11. Nxd4 Nxe5 12. e3 O-O 13. Be2 Rd8 14. Qc2
Qg5 15. Qe4 Nd7 16. h4 Qf6 17. g4 Nc5 18. Qc2 Ra6 19. Nb5 Qc6 20. Rg1 a4 21.
Rd1 Rxd1+ 22. Qxd1 Ne6 23. Qd5 Qb6 24. Qd2 Qc5 25. Kf1 Qe7 26. g5 Nc5 27. Bg4
Bxg4 28. Rxg4 Nb3 29. Qd3 Ra8 30. Re4 Qxe4 31. Qxe4 Nd2+ 0-1

[Event "Russian Championship G17 1st league 2016"]
[Site "Loo"]
[Date "2016.04.22"]
[Round "3.6"]
[White "Tsepilova, Serafima"]
[Black "Tukaeva, Adelya"]
[Result "0-1"]
[WhiteElo "1766"]
[BlackElo "1854"]
[PlyCount "52"]
[EventDate "2016.04.20"]

1. e4 c5 2. Nf3 d6 3. d4 cxd4 4. Qxd4 Nc6 5. Bb5 a6 6. Bxc6+ bxc6 7. c4 e5 8.
Qd3 Nf6 9. Nc3 Be7 10. O-O O-O 11. Rd1 h6 12. c5 d5 13. exd5 Bxc5 14. Nxe5 cxd5
15. Nxd5 Bb7 16. Nxf6+ Qxf6 17. Ng4 Qe6 18. Qg3 f5 19. Ne3 Rad8 20. Bd2 f4 21.
Qg4 Qe4 22. Nf1 Rf6 23. Kh1 Rg6 24. f3 Rxg4 25. fxe4 Bxe4 26. h3 Rxg2 0-1

[Event "Russian Championship G17 1st league 2016"]
[Site "Loo"]
[Date "2016.04.22"]
[Round "3.7"]
[White "Kolmychek, Evelina"]
[Black "Alekseeva, Nariya"]
[Result "1/2-1/2"]
[WhiteElo "2029"]
[BlackElo "1690"]
[PlyCount "140"]
[EventDate "2016.04.20"]

1. e4 e5 2. Nf3 Nc6 3. Bb5 a6 4. Ba4 Nf6 5. d3 b5 6. Bb3 d6 7. c3 Be7 8. O-O
O-O 9. Re1 Nb8 10. d4 Nbd7 11. Nbd2 Bb7 12. a4 Re8 13. Ng5 Rf8 14. axb5 axb5
15. Rxa8 Bxa8 16. Bxf7+ Rxf7 17. Qb3 d5 18. Nxf7 Kxf7 19. dxe5 Nxe5 20. exd5
Bxd5 21. Qxb5 c6 22. Qa6 Qc7 23. Nf1 Bc4 24. Qa4 Be6 25. Bf4 Bd6 26. Bxe5 Bxe5
27. h3 g5 28. Ne3 h5 29. Ra1 Kg6 30. Qa7 Qd6 31. Rd1 Qc7 32. Qxc7 Bxc7 33. Re1
Bd6 34. b4 Ne4 35. Rd1 Be5 36. c4 Nc3 37. Rd3 Kf6 38. Kf1 Ne4 39. b5 Nc5 40.
Rd1 cxb5 41. cxb5 Ke7 42. b6 Bc8 43. Nd5+ Kd6 44. Nf6+ Kc6 45. Nxh5 Kxb6 46.
Rd5 Nd7 47. Ng3 Kc6 48. Rd1 Ba6+ 49. Ne2 Nf6 50. Rc1+ Kd5 51. Ke1 Ne4 52. f3
Nc5 53. Rb1 Na4 54. Rd1+ Kc4 55. Rd8 Nc5 56. Rg8 Bf6 57. Rg6 Bd8 58. g3 Kd5 59.
Nc3+ Ke5 60. Na4 Bd3 61. Rc6 Nxa4 62. Kf2 Nb6 63. Rc3 Bf5 64. Rc5+ Ke6 65. f4
Bd3 66. Rc3 Bb5 67. Rb3 Bc6 68. Rc3 Bd5 69. Re3+ Kd6 70. Rd3 Nc4 1/2-1/2

[Event "Russian Championship G17 1st league 2016"]
[Site "Loo"]
[Date "2016.04.22"]
[Round "3.8"]
[White "Guskova, Alina"]
[Black "Suvorova, Ksenia"]
[Result "1/2-1/2"]
[WhiteElo "1831"]
[BlackElo "1649"]
[PlyCount "84"]
[EventDate "2016.04.20"]

1. d4 Nf6 2. c4 c5 3. d5 b5 4. cxb5 a6 5. bxa6 g6 6. Nc3 Bxa6 7. e4 Bxf1 8.
Kxf1 d6 9. g3 Bg7 10. Kg2 O-O 11. Qc2 Nbd7 12. Nge2 Qb6 13. Rb1 Rfb8 14. b3 Ng4
15. h3 Bxc3 16. Nxc3 Ngf6 17. Re1 Qa6 18. Bg5 Ne5 19. a4 Qd3 20. Qxd3 Nxd3 21.
Re3 Nb4 22. Bxf6 exf6 23. Nb5 Rb6 24. Rc1 Kf8 25. f4 Rc8 26. Kf3 Ke7 27. e5
dxe5 28. d6+ Kd7 29. fxe5 fxe5 30. Rxe5 Rxb5 31. axb5 Nd3 32. Ree1 Nxe1+ 33.
Rxe1 Kxd6 34. Rd1+ Ke6 35. Re1+ Kd6 36. Rd1+ Kc7 37. Rd5 Kb6 38. Rd7 Rc7 39.
Rd8 Kxb5 40. Rb8+ Kc6 41. Kf4 Rd7 42. g4 Rd3 1/2-1/2

[Event "Russian Championship G17 1st league 2016"]
[Site "Loo"]
[Date "2016.04.22"]
[Round "3.9"]
[White "Danilova, Rada"]
[Black "Zhekotova, Darya"]
[Result "1-0"]
[WhiteElo "1808"]
[BlackElo "1543"]
[PlyCount "129"]
[EventDate "2016.04.20"]

1. d4 Nf6 2. c4 d5 3. Nf3 g6 4. cxd5 Nxd5 5. e4 Nf6 6. Nc3 c6 7. h3 Bg7 8. Bc4
O-O 9. O-O b5 10. Bd3 e6 11. Bg5 Qb6 12. Be3 Qb7 13. a4 a6 14. e5 Nd5 15. Ne4
Nxe3 16. fxe3 Qb6 17. a5 Qd8 18. Qe1 Nd7 19. Rc1 Nxe5 20. Nxe5 Bxe5 21. dxe5
Qxd3 22. Nf6+ Kg7 23. Qf2 Qb3 24. Rc3 Qb4 25. Ne8+ Kh6 26. Nd6 f6 27. e4 c5 28.
Rxc5 g5 29. Nxc8 f5 30. Rc6 Raxc8 31. Rxe6+ Kg7 32. exf5 Qc5 33. f6+ Kg6 34.
f7+ Kg7 35. Qxc5 Rxc5 36. Re7 Rc2 37. e6 Re2 38. b4 h6 39. Kh2 Re3 40. Rf2 Re4
41. Rf3 Re2 42. Kg1 Re1+ 43. Kf2 Re4 44. Rf5 Rxb4 45. Ra7 Rb2+ 46. Kf3 Rb3+ 47.
Ke4 Rb4+ 48. Ke5 Rb1 49. e7 Re1+ 50. Kd6 Rd1+ 51. Rd5 Rxd5+ 52. Kxd5 Rxf7 53.
e8=Q Rxa7 54. Qe5+ Kh7 55. Qe4+ Kg8 56. Qg6+ Kf8 57. Qxh6+ Rg7 58. Qf6+ Kg8 59.
Qxa6 Rd7+ 60. Kc5 Rf7 61. Kxb5 Rf5+ 62. Kc4 Rf4+ 63. Kd3 Rf7 64. Qg6+ Kf8 65.
Qxf7+ 1-0

[Event "Russian Championship G17 1st league 2016"]
[Site "Loo"]
[Date "2016.04.22"]
[Round "3.10"]
[White "Sumenkova, Elena"]
[Black "Vorobyova, Valeriya"]
[Result "0-1"]
[WhiteElo "1645"]
[BlackElo "1784"]
[PlyCount "70"]
[EventDate "2016.04.20"]

1. e4 c5 2. Nf3 d6 3. d4 cxd4 4. Nxd4 Nf6 5. Nc3 Nc6 6. Be3 e5 7. Nb3 Be7 8.
Be2 O-O 9. g4 d5 10. exd5 Nb4 11. d6 Qxd6 12. g5 Qc6 13. Bf3 Nxc2+ 14. Kf1
Nxe3+ 15. fxe3 Ng4 16. Qe2 e4 17. Nxe4 Qe6 18. Nd4 Qg6 19. Rg1 f5 20. gxf6 Bxf6
21. Ke1 Bh4+ 22. Kd2 Rd8 23. h3 Qh6 24. Kc3 Nxe3 25. Nd2 Bf6 26. N2b3 Be6 27.
Rae1 Bxb3 28. Kxb3 Bxd4 29. a3 Qe6+ 30. Ka4 b5+ 31. Qxb5 Rab8 32. Bb7 Qf7 33.
Rxe3 Bxe3 34. Qe5 Rxb7 35. b4 Bxg1 0-1

[Event "Russian Championship G17 1st league 2016"]
[Site "Loo"]
[Date "2016.04.22"]
[Round "3.14"]
[White "Dunaevskaya, Alisa"]
[Black "Gorenkova, Anna"]
[Result "1-0"]
[WhiteElo "1558"]
[BlackElo "1648"]
[PlyCount "55"]
[EventDate "2016.04.20"]

1. Nf3 Nf6 2. d4 g6 3. c4 Bg7 4. g3 d6 5. Bg2 Nc6 6. Nc3 Bf5 7. O-O O-O 8. b3
Ne4 9. Bb2 a6 10. e3 e5 11. Nh4 Nxc3 12. Bxc3 Bd7 13. Qd3 f5 14. dxe5 dxe5 15.
Rad1 Be6 16. Bd5 Bxd5 17. cxd5 Ne7 18. d6 cxd6 19. Qxd6 Nc6 20. Qe6+ Rf7 21.
Rxd8+ Rxd8 22. Nf3 e4 23. Ng5 Rdd7 24. Nxf7 Rxf7 25. Bxg7 Kxg7 26. Rd1 Re7 27.
Rd7 Rxd7 28. Qxd7+ 1-0

[Event "Russian Championship G17 1st league 2016"]
[Site "Loo"]
[Date "2016.04.22"]
[Round "3.15"]
[White "Kopovaya, Aleksandra"]
[Black "Bagaeva, Maria"]
[Result "1/2-1/2"]
[WhiteElo "1919"]
[BlackElo "1490"]
[PlyCount "94"]
[EventDate "2016.04.20"]

1. e4 d5 2. exd5 Qxd5 3. Nc3 Qd6 4. Nf3 Nf6 5. d4 a6 6. Be2 Bf5 7. O-O Nc6 8.
a3 e6 9. Na4 Be7 10. Nc5 Rb8 11. c3 Ne4 12. Nd3 O-O 13. Bf4 Qd8 14. Re1 h6 15.
Nd2 Nxd2 16. Qxd2 Bd6 17. Bxd6 Qxd6 18. Rad1 Rfd8 19. Qe3 Re8 20. Bf3 Bxd3 21.
Qxd3 Rbd8 22. Qc2 Rd7 23. d5 Nd8 24. Re3 Qb6 25. c4 Rde7 26. c5 Qa7 27. Rde1
Qb8 28. Qd2 Qc8 29. d6 cxd6 30. cxd6 Rd7 31. Rc1 Qb8 32. Rd3 f6 33. Bh5 Nf7 34.
Bxf7+ Kxf7 35. h3 Red8 36. Rc7 Ke8 37. Rxd7 Rxd7 38. Qd1 Qd8 39. Qh5+ Kf8 40.
Qc5 Kf7 41. f4 Kf8 42. Kf2 Qe8 43. g4 e5 44. f5 Qb8 45. Qd5 Qc8 46. Rc3 Qd8 47.
Rd3 Qc8 1/2-1/2

[Event "Russian Championship G17 1st league 2016"]
[Site "Loo"]
[Date "2016.04.22"]
[Round "3.16"]
[White "Tatarinova, Elena"]
[Black "Zakarian, Diana"]
[Result "0-1"]
[WhiteElo "1726"]
[BlackElo "1625"]
[PlyCount "88"]
[EventDate "2016.04.20"]

1. c4 e5 2. Nc3 Nf6 3. g3 d5 4. cxd5 Nxd5 5. Bg2 Be6 6. d3 Nc6 7. Nf3 f6 8. O-O
Qd7 9. Bd2 g5 10. a3 h5 11. h4 gxh4 12. Nxh4 O-O-O 13. b4 a6 14. Ne4 f5 15. Ng5
Be7 16. Nxe6 Qxe6 17. Bh3 Bxh4 18. e4 Nde7 19. gxh4 Rxd3 20. Kh2 Rg8 21. f3 Kb8
22. Qe2 Qd6 23. Rad1 fxe4 24. fxe4 Rgg3 25. Bg2 Qe6 26. Bg5 Rxa3 27. Rf8+ Ka7
28. Rf6 Qb3 29. Qf2+ Nd4 30. Rxd4 exd4 31. Qxd4+ b6 32. Qe5 Qc2 33. Rf2 Rh3+
34. Kg1 Qd1+ 35. Rf1 Qd7 36. Bxe7 Rag3 37. Qf4 Qxe7 38. Rc1 Rg7 39. e5 Rxh4 40.
Qf3 Rxg2+ 41. Kxg2 Qg5+ 42. Qg3 Rg4 43. Rxc7+ Kb8 44. Rc3 Rxg3+ 0-1

[Event "Russian Championship G17 1st league 2016"]
[Site "Loo"]
[Date "2016.04.22"]
[Round "3.17"]
[White "Lanina, Evgenia"]
[Black "Khan, Anastasia"]
[Result "0-1"]
[WhiteElo "1499"]
[BlackElo "1878"]
[PlyCount "66"]
[EventDate "2016.04.20"]

1. Nf3 Nf6 2. g3 d5 3. c4 c6 4. Qc2 e6 5. d3 Be7 6. Nbd2 Nbd7 7. Bg2 O-O 8. O-O
c5 9. a3 b6 10. b3 Bb7 11. Bb2 Qc7 12. e3 e5 13. d4 cxd4 14. exd4 e4 15. Nh4
Ng4 16. Nf5 Bg5 17. f4 exf3 18. Bxf3 Ndf6 19. Rfe1 Rfe8 20. Bxg4 Nxg4 21. Nf3
Be3+ 22. Nxe3 Nxe3 23. Qd3 dxc4 24. bxc4 Nxc4 25. Ng5 g6 26. Qc3 f6 27. d5 Qc5+
28. Kg2 Qxd5+ 29. Kh3 Qg2+ 30. Kg4 Bc8+ 31. Kf4 fxg5+ 32. Kxg5 Qd5+ 33. Re5
Rxe5+ 0-1

[Event "Russian Championship G17 1st league 2016"]
[Site "Loo"]
[Date "2016.04.22"]
[Round "3.18"]
[White "Bezverhaya, Marina"]
[Black "Shovunova, Maryana"]
[Result "1-0"]
[WhiteElo "1604"]
[BlackElo "1571"]
[PlyCount "89"]
[EventDate "2016.04.20"]

1. e4 e5 2. Nf3 Nc6 3. d4 exd4 4. Nxd4 Nf6 5. Nxc6 bxc6 6. e5 Nd5 7. c4 Bb4+ 8.
Bd2 Bxd2+ 9. Qxd2 Ne7 10. Nc3 O-O 11. Bd3 Re8 12. f4 d6 13. O-O-O Bg4 14. Rde1
d5 15. h3 Be6 16. Qc2 g6 17. c5 Bf5 18. g4 Bxd3 19. Qxd3 a5 20. h4 Qc8 21. f5
gxf5 22. gxf5 Qxf5 23. Rhg1+ Kf8 24. Qe3 Ng6 25. Qh6+ Ke7 26. Rgf1 Qg4 27. h5
Nh8 28. Qxc6 Qg5+ 29. Kb1 Qxh5 30. Nxd5+ Kf8 31. Nxc7 Rac8 32. Qd6+ Kg8 33.
Nxe8 Rxe8 34. e6 f5 35. Qd7 Rb8 36. Rg1+ Ng6 37. e7 Rxb2+ 38. Kxb2 Qh2+ 39. Kc1
Qf4+ 40. Qd2 Qc4+ 41. Qc2 Qf4+ 42. Kb1 Qb4+ 43. Qb2 Qxb2+ 44. Kxb2 Kg7 45. e8=Q
1-0

[Event "Russian Championship G17 2016"]
[Site "Loo"]
[Date "2016.04.22"]
[Round "3.1"]
[White "Shuvalova, Polina"]
[Black "Nosacheva, Mariya"]
[Result "1/2-1/2"]
[WhiteElo "2196"]
[BlackElo "2021"]
[PlyCount "109"]
[EventDate "2016.04.20"]

1. e4 e5 2. Nf3 Nc6 3. Bb5 Nd4 4. Nxd4 exd4 5. Bc4 h5 6. O-O Bc5 7. d3 c6 8. a4
d5 9. exd5 cxd5 10. Ba2 Be6 11. Nd2 Qf6 12. c4 dxc3 13. bxc3 Qxc3 14. Nb3 Bd6
15. Be3 Qe5 16. g3 Bg4 17. Qd2 Kf8 18. f3 Bh3 19. Rfe1 Ne7 20. Bg5 Qf5 21. Nd4
Qd7 22. Nb5 f6 23. Nxd6 Qxd6 24. Bf4 Qd7 25. Qb4 a5 26. Qa3 Kf7 27. Rxe7+ Qxe7
28. Bxd5+ Be6 29. Bd6 Qd7 30. Re1 Rhe8 31. Rxe6 Rxe6 32. f4 f5 33. Bxe6+ Qxe6
34. Qb2 Rd8 35. Be5 Qc6 36. Qe2 g6 37. Bb2 Re8 38. Qf2 Qxa4 39. Qb6 Qc6 40. Qd4
Re7 41. Qg7+ Ke8 42. Qg8+ Kd7 43. Be5 a4 44. d4 Re6 45. Qf7+ Re7 46. Qg8 Qe6
47. Qb8 Qb6 48. Qg8 Qb1+ 49. Kg2 Qe4+ 50. Kh3 Rxe5 51. fxe5 Qg4+ 52. Kg2 Qe2+
53. Kh3 Qg4+ 54. Kg2 Qe2+ 55. Kh3 1/2-1/2

[Event "Russian Championship G17 2016"]
[Site "Loo"]
[Date "2016.04.22"]
[Round "3.2"]
[White "Borisova, Ekaterina"]
[Black "Mylnikova, Olga"]
[Result "0-1"]
[WhiteElo "2058"]
[BlackElo "2194"]
[PlyCount "51"]
[EventDate "2016.04.20"]

1. e4 c5 2. Nf3 Nc6 3. d4 cxd4 4. Nxd4 Nf6 5. Nc3 e5 6. Ndb5 d6 7. Bg5 a6 8.
Na3 b5 9. Nd5 Be7 10. Bxf6 Bxf6 11. c4 Nd4 12. cxb5 Be6 13. Bd3 Bxd5 14. exd5
Qa5+ 15. Qd2 axb5 16. Nxb5 Nxb5 17. Qxa5 Rxa5 18. b4 e4 19. bxa5 exd3 20. Rb1
Nc7 21. Rb8+ Bd8 22. Kd2 Na6 23. Ra8 Nc5 24. Rb1 Kd7 25. Kd1 Re8 26. Rab8 0-1

[Event "Russian Championship G17 2016"]
[Site "Loo"]
[Date "2016.04.22"]
[Round "3.3"]
[White "Protopopova, Anastasiya"]
[Black "Kozina, Anastasia"]
[Result "1/2-1/2"]
[WhiteElo "2188"]
[BlackElo "1994"]
[PlyCount "80"]
[EventDate "2016.04.20"]

1. Nf3 Nf6 2. c4 e6 3. Nc3 c5 4. g3 Nc6 5. Bg2 d5 6. cxd5 Nxd5 7. d4 Be7 8. O-O
O-O 9. e4 Nb6 10. d5 exd5 11. exd5 Nb4 12. Ne5 Bd6 13. Nd3 Bg4 14. Qxg4 Nxd3
15. Bg5 f5 16. Qe2 Qxg5 17. Qxd3 Rad8 18. f4 Qf6 19. Rad1 a6 20. a4 Qd4+ 21.
Kh1 Qxd3 22. Rxd3 Rfe8 23. b3 c4 24. bxc4 Nxc4 25. Bf3 Rc8 26. Rb1 Rc7 27. Ne2
Rce7 28. Nd4 Re1+ 29. Rxe1 Rxe1+ 30. Kg2 g6 31. Rb3 b6 32. Be2 Rc1 33. Bxc4
Rxc4 34. Rxb6 Rxd4 35. Rxd6 Rxa4 36. Rd7 Rd4 37. Ra7 Rxd5 38. Rxa6 Rd7 39. Ra8+
Kg7 40. Ra2 Re7 1/2-1/2

[Event "Russian Championship G17 2016"]
[Site "Loo"]
[Date "2016.04.22"]
[Round "3.4"]
[White "Erdenieva, Oyuna"]
[Black "Aksenova, Maria"]
[Result "1/2-1/2"]
[WhiteElo "2123"]
[BlackElo "1919"]
[PlyCount "81"]
[EventDate "2016.04.20"]

1. d4 Nf6 2. c4 e6 3. Nc3 Bb4 4. e3 O-O 5. Nge2 d5 6. a3 Be7 7. cxd5 exd5 8.
Nf4 c6 9. Bd3 Re8 10. O-O Bd6 11. f3 Qc7 12. g3 Bxf4 13. exf4 c5 14. dxc5 Qxc5+
15. Kg2 Bd7 16. Qd2 a5 17. b4 Qc8 18. f5 axb4 19. Nb5 Bxb5 20. Bxb5 Nc6 21. a4
Qxf5 22. Bb2 d4 23. Bxd4 Red8 24. Bxc6 bxc6 25. Qxb4 Rab8 26. Qc5 Rd5 27. Qa7
Rbd8 28. Bxf6 Rd2+ 29. Rf2 Qxf6 30. Raf1 R2d7 31. Qb6 Ra8 32. a5 Rda7 33. Ra2
Qe6 34. Rfa1 h6 35. a6 Qc4 36. Ra4 Qb5 37. Qxb5 cxb5 38. Ra5 b4 39. Rb5 Rxa6
40. Rxa6 Rxa6 41. Rxb4 1/2-1/2

[Event "Russian Championship G17 2016"]
[Site "Loo"]
[Date "2016.04.22"]
[Round "3.5"]
[White "Korchagina, Alena"]
[Black "Gorovenko, Darya"]
[Result "1/2-1/2"]
[WhiteElo "2031"]
[BlackElo "2082"]
[PlyCount "99"]
[EventDate "2016.04.20"]

1. Nf3 Nf6 2. c4 g6 3. Nc3 d5 4. Qa4+ Bd7 5. Qb3 dxc4 6. Qxc4 Bg7 7. e4 O-O 8.
e5 Ng4 9. d4 h5 10. Bd3 Be6 11. d5 b5 12. Qd4 c5 13. dxc6 Nxc6 14. Qxd8 Raxd8
15. Bxb5 Nb4 16. O-O Nc2 17. Rb1 Nxe5 18. Nxe5 Bxe5 19. Bh6 Bg7 20. Bg5 f6 21.
Bf4 g5 22. Bc7 Rc8 23. Ba5 Rc5 24. Bd3 Rxa5 25. Bxc2 Rc8 26. Rfe1 Kf7 27. Bg6+
Kxg6 28. Rxe6 Kf7 29. Rbe1 Bf8 30. Kf1 Rb8 31. R6e2 e5 32. Rd1 Bb4 33. f3 Bxc3
34. bxc3 Rb6 35. Rc2 Rba6 36. Rdd2 Ke6 37. Ke2 Rd5 38. c4 Rxd2+ 39. Rxd2 Rc6
40. Rc2 Kd6 41. Kd3 Kc5 42. Ke4 Rd6 43. Kf5 a5 44. a3 Rb6 45. h3 h4 46. Rc3 a4
47. Rc2 Rd6 48. Rb2 Ra6 49. Rb4 Kd4 50. Kg6 1/2-1/2

[Event "Russian Championship G17 2016"]
[Site "Loo"]
[Date "2016.04.22"]
[Round "3.6"]
[White "Sakorenko, Adriana"]
[Black "Martynyuk, Elizaveta"]
[Result "0-1"]
[WhiteElo "1969"]
[BlackElo "2059"]
[PlyCount "92"]
[EventDate "2016.04.20"]

1. e4 c5 2. Nf3 Nc6 3. c3 Nf6 4. e5 Nd5 5. d4 cxd4 6. cxd4 d6 7. Bc4 Nb6 8. Bb5
dxe5 9. Nxe5 Bd7 10. Bxc6 Bxc6 11. Nxc6 bxc6 12. O-O e6 13. Nc3 Be7 14. Be3 O-O
15. Rc1 Nd5 16. Nxd5 cxd5 17. Qd2 Qb6 18. Rc2 Qa6 19. a3 Rab8 20. Rfc1 Rb3 21.
Rc3 Rfb8 22. Rxb3 Rxb3 23. Rc3 Qb5 24. Rxb3 Qxb3 25. g3 h5 26. h4 g6 27. Qc1
Bf6 28. Qc3 Qc4 29. Kg2 Kf8 30. Kf3 Ke7 31. Qd2 Kd7 32. Qd1 e5 33. b3 e4+ 34.
Kg2 Qc3 35. a4 Bd8 36. Kf1 f5 37. Kg1 Ba5 38. Kf1 Bb4 39. Kg2 Kc6 40. Kf1 Kb6
41. Ke2 Qb2+ 42. Kf1 Bc3 43. Bc1 Qb1 44. Ke2 Ka5 45. Bd2 Qxd1+ 46. Kxd1 Kb4 0-1

[Event "Russian Championship G17 2016"]
[Site "Loo"]
[Date "2016.04.22"]
[Round "3.7"]
[White "Zhemchuzhina, Elizaveta"]
[Black "Afonasieva, Anna"]
[Result "0-1"]
[WhiteElo "2000"]
[BlackElo "2133"]
[PlyCount "70"]
[EventDate "2016.04.20"]

1. d4 Nf6 2. c4 g6 3. Nc3 d5 4. cxd5 Nxd5 5. e4 Nxc3 6. bxc3 Bg7 7. Be3 c5 8.
Rc1 Qa5 9. Qd2 O-O 10. Nf3 Rd8 11. d5 e6 12. c4 Qxd2+ 13. Nxd2 b6 14. g3 Na6
15. Bd3 Nb4 16. Bb1 exd5 17. cxd5 Bb2 18. Rd1 Ba6 19. Nb3 c4 20. Nd4 c3 21. Bc1
c2 22. Nxc2 Bc3+ 23. Bd2 Nd3+ 24. Ke2 Ne5+ 25. Ke3 Nc4+ 26. Kd3 Nxd2+ 27. Kxc3
Nxe4+ 28. Kb3 Nxf2 29. Nb4 Bb7 30. Bc2 Nxh1 31. Rxh1 Rxd5 32. Be4 Rd7 33. Bxb7
Rxb7 34. Rd1 Kg7 35. Nc6 Rc8 0-1

[Event "Russian Championship G17 2016"]
[Site "Loo"]
[Date "2016.04.22"]
[Round "3.8"]
[White "Krapivina, Galina"]
[Black "Protasova, Anastasia"]
[Result "1-0"]
[WhiteElo "1859"]
[BlackElo "1843"]
[PlyCount "65"]
[EventDate "2016.04.20"]

1. e4 c6 2. d4 d5 3. Nc3 dxe4 4. Nxe4 Bf5 5. Ng3 Bg6 6. Bc4 e6 7. N1e2 Bd6 8.
Nf4 Nf6 9. c3 Qc7 10. Qf3 a5 11. O-O O-O 12. h4 Nd5 13. Bxd5 cxd5 14. h5 Bc2
15. h6 g6 16. Nxd5 Qd8 17. Nf6+ Kh8 18. Bg5 Be7 19. Qf4 Nd7 20. Nxd7 Bxg5 21.
Qe5+ f6 22. Qe2 Qxd7 23. Qxc2 Bxh6 24. Rfe1 Rac8 25. Qb3 Rce8 26. Ne4 a4 27.
Qb4 b5 28. Nc5 Qc6 29. Re2 e5 30. Rae1 exd4 31. Qxd4 Rc8 32. Ne6 Rf7 33. Nd8
1-0

[Event "Russian Championship G17 2016"]
[Site "Loo"]
[Date "2016.04.22"]
[Round "3.9"]
[White "Yanuchenko, Polina"]
[Black "Mukhtarova, Anastasiia"]
[Result "1/2-1/2"]
[WhiteElo "2092"]
[BlackElo "1877"]
[PlyCount "127"]
[EventDate "2016.04.20"]

1. c4 c5 2. g3 Nf6 3. Bg2 e6 4. Nf3 Be7 5. O-O O-O 6. Nc3 a6 7. d4 cxd4 8. Nxd4
Qc7 9. b3 d5 10. Qd3 dxc4 11. Qxc4 Qxc4 12. bxc4 Nbd7 13. Rb1 Ne5 14. Bxb7 Bxb7
15. Rxb7 Rfe8 16. Bf4 Nxc4 17. Nc6 Bf8 18. Ne5 Nd6 19. Rb3 h6 20. f3 Nf5 21. g4
Bc5+ 22. Kg2 Ne3+ 23. Bxe3 Bxe3 24. Ne4 Nd5 25. Rfb1 Bf4 26. Nd3 Bc7 27. Ndc5
f5 28. Ng3 g6 29. e4 Nf4+ 30. Kf2 Be5 31. Ne2 Nxe2 32. Kxe2 Bxh2 33. Rb6 Kf7
34. Nxa6 Rec8 35. Nb4 Bf4 36. Rb3 Rd8 37. Rd3 Rxd3 38. Nxd3 Rxa2+ 39. Rb2 Rxb2+
40. Nxb2 Kf6 41. Nd3 Bc7 42. exf5 exf5 43. Kf2 Kg5 44. gxf5 Kxf5 45. Kg2 Bb8
46. Kh3 Bd6 47. Kg2 Ke6 48. Kh3 Kf5 49. Kg2 Kg5 50. Kh3 Bb8 51. Kg2 Kh4 52. Nf2
Bf4 53. Ne4 Be3 54. Nc3 Kg5 55. Kg3 Bf4+ 56. Kg2 Be5 57. Ne2 Kh4 58. Nc1 Kg5
59. Nd3 Bd6 60. Kh3 Be7 61. Kg2 Kf5 62. Kh3 Ke6 63. Kg4 Kd5 64. Nf2 1/2-1/2

[Event "Russian Championship G17 2016"]
[Site "Loo"]
[Date "2016.04.22"]
[Round "3.10"]
[White "Guseva, Lidia"]
[Black "Milovanova, Maria"]
[Result "1-0"]
[WhiteElo "2065"]
[BlackElo "1844"]
[PlyCount "101"]
[EventDate "2016.04.20"]

1. d4 Nf6 2. Bf4 e6 3. Nf3 d5 4. e3 c5 5. c3 Nbd7 6. h3 Be7 7. Nbd2 b6 8. Bd3
Bb7 9. Rc1 O-O 10. O-O Re8 11. Re1 Rc8 12. Bb1 Nf8 13. Ne5 N6d7 14. Qf3 Nxe5
15. Bxe5 Bd6 16. Bg3 e5 17. dxe5 Bxe5 18. Bxe5 Rxe5 19. Qf4 Re6 20. Nf3 Rf6 21.
Qg3 Qe8 22. Ne5 Ng6 23. Ng4 Rfc6 24. f4 h5 25. Nf2 Rd8 26. Bc2 Qe7 27. e4 d4
28. e5 h4 29. Qh2 Nf8 30. Rcd1 Rc7 31. c4 b5 32. b3 bxc4 33. bxc4 Qe6 34. Bd3
Qa6 35. f5 Re7 36. Qf4 Rde8 37. Ng4 Qxa2 38. Re2 Qb3 39. Qd2 Qb4 40. Qg5 Nh7
41. Qxh4 f6 42. Qg3 Kh8 43. Rde1 Rf8 44. exf6 Ref7 45. fxg7+ Rxg7 46. f6 Rgf7
47. Ne5 Rxf6 48. Ng6+ Rxg6 49. Qxg6 Nf6 50. Re7 Be4 51. Qg7# 1-0